Principios de teoría económica / (Record no. 148103)

MARC details
000 -LEADER
campo de control de longitud fija 00780nam a2200205 4500
001 - NÚMERO DE CONTROL
campo de control 148103
003 - IDENTIFICADOR DE NÚMERO DE CONTROL
campo de control ES-MaACL
005 - FECHA Y HORA DE LA ÚLTIMA TRANSACCIÓN
campo de control 20251003063131.0
007 - CAMPO FIJO DE DESCRIPCIÓN FÍSICA--INFORMACIÓN GENERAL
campo de control de longitud fija t|
008 - DATOS DE LONGITUD FIJA--INFORMACIÓN GENERAL
campo de control de longitud fija 070214s1946 sp r ||||1| spa d
100 0# - ENTRADA PRINCIPAL--NOMBRE DE PERSONA
Nombre de persona Stackelberg, Heinrich,
Títulos y otros términos asociados al nombre Freiherr von
9 (RLIN) 107836
245 10 - MENCIÓN DEL TÍTULO
Título Principios de teoría económica /
Mención de responsabilidad, etc. Heinrich Stackelberg ; traducción de la primera edición alemana corregida y aumentada por José Antonio Piera Labra.
260 ## - PUBLICACIÓN, DISTRIBUCIÓN, ETC.
Lugar de publicación, distribución, etc. Madrid :
Nombre del editor, distribuidor, etc. Instituto de Estudios Políticos,
Fecha de publicación, distribución, etc. 1946.
300 ## - DESCRIPCIÓN FÍSICA
Extensión XXIII, 376 p. ;
Dimensiones 26 cm.
700 1# - ENTRADA AGREGADA--NOMBRE PERSONAL
Nombre de persona Piera Labra, José Antonio.
9 (RLIN) 91927
710 2# - ENTRADA AGREGADA--NOMBRE DE ENTIDAD CORPORATIVA
Nombre de entidad corporativa o nombre de jurisdicción como elemento de entrada Instituto de Estudios Políticos (Madrid)
9 (RLIN) 4924
852 ## - LOCALIZACIÓN
Ubicación ES-MaACL
Número de control de estantería B-10539
Sublocalización o colección R.21975
852 ## - LOCALIZACIÓN
Ubicación ES-MaACL
Número de control de estantería B-4684
Sublocalización o colección R.23613
Holdings
Estatus retirado Estado de pérdida Estado de daño No para préstamo Biblioteca de origen Biblioteca actual Ubicación en estantería Fecha de adquisición Fuente de adquisición Total de préstamos Signatura topográfica completa Código de barras Visto por última vez Precio de reemplazo Tipo de ítem Koha
        Biblioteca del Ateneo de Madrid Biblioteca del Ateneo de Madrid Sala Pardo Bazán 17/01/2008     B-4684 1154561 23/02/2023 23/02/2023 Libro impreso
        Biblioteca del Ateneo de Madrid Biblioteca del Ateneo de Madrid Sala Pardo Bazán 17/01/2008     B-10539 1154560 23/02/2023 23/02/2023 Libro impreso